| 000 | 00615nam a22002057a 4500 | ||
|---|---|---|---|
| 999 |
_c34870 _d34870 |
||
| 003 | OSt | ||
| 005 | 20240417222925.0 | ||
| 008 | 240417b ||||| |||| 00| 0 eng d | ||
| 020 | _a978-607-15-1763-0 | ||
| 040 | _cBCRI | ||
| 082 | _a658.1 | ||
| 100 | 1 |
_97872 _aFranklin Fincowsky, Enrique Benjamín |
|
| 245 |
_aOrganización de empresas _cEnrique Benjamín Franklin Fincowsky |
||
| 250 | _a5ª ed | ||
| 260 |
_aMéxico, D.F. _bMcGraw-Hill _c2022 |
||
| 300 |
_aXXI, 381 p. _bil. _c27 cm. |
||
| 500 | _aÍndice analítico p. 373 | ||
| 650 | 0 |
_98517 _aOrganización de la empresa |
|
| 942 |
_2ddc _cBK _hprozim |
||